|
|
|
|
| LEADER |
00000csc a2200000 a 4500 |
| 001 |
74427 |
| 005 |
20230308211457.0 |
| 008 |
000000|1974 ||||||||r|||||||||||spa|| |
| 040 |
|
|
|b spa
|
| 041 |
1 |
|
|a spa
|
| 082 |
0 |
|
|a 541.2
|
| 100 |
1 |
|
|a Morcillo Rubio, Jesús
|9 291144
|
| 245 |
|
|
|a Espectroscopía infrarroja
|c Jesús Morcillo Rubio
|h imp
|
| 264 |
|
|
|a Washington
|b Programa Regional de Desarrollo Científico y Tecnológico
|c 1974
|
| 300 |
|
|
|a 71 páginas:
|b ilu
|c 22.5 cm
|
| 490 |
|
|
|a Química
|n no. 9
|
| 504 |
|
|
|a incl. ref.
|
| 650 |
1 |
|
|a Espectroscopia
|
| 852 |
|
|
|a UC-CDJBV
|c ESTANTERIA CERRADA
|f Compra
|k mariana.quezada
|l 1
|m General
|p 00000000
|r 2
|t 74427
|b 0
|d CDRC
|e CDRC
|g 541.2 ESTANTERIA CERRADA
|z 0000-00-00
|
| 942 |
|
|
|
| 999 |
|
|
|c 118825
|d 118825
|